| 000 | 00459nam a2200157 a 4500 | ||
|---|---|---|---|
| 001 | 000030560 | ||
| 005 | 20200930062359.0 | ||
| 008 | 110524s1958 dr 000 spa d | ||
| 040 |
_aDO-SdBNP _bspa _cBNPHU |
||
| 082 |
_axxxx _bT693c |
||
| 100 | 1 |
_aTorres, Luis Alfredo, _d1935-1992 _9276 |
|
| 245 | 1 | 0 |
_aLinterna sorda / _cLuis Alfredo Torres. |
| 260 |
_aCiudad Trujillo, República Dominicana : _bAtenas, _c1958. |
||
| 300 |
_a34 p. ; _c23 cm. |
||
| 049 | _aBNPD | ||
| 999 |
_c30052 _d30052 |
||